000 00984cam a2200289 a 4500
999 _c26554
_d26554
001 2546305
003 OSt
005 20170204152815.0
008 940202s1991 enka 001 0 eng
010 _a 94113121
020 _a1852381221
040 _aDLC
_cDLC
_dDLC
050 0 0 _aNK4605 .H37 1991
082 0 0 _a738.1/5
_220
100 1 _aHarle, Lesley.
_d1991
245 1 0 _aPainting ceramics /
_cLesley Harle and Simon Willis.
260 _aLondon :
_bC. Letts,
_c1991.
300 _a96 p :
_bill. ;
_c27 cm.
440 0 _aLetts contemporary crafts
500 _aIncludes index.
650 0 _aChina painting
_xThemes, motives.
700 1 _aWillis, Simon.
906 _a7
_bcbc
_corignew
_d2
_encip
_f19
_gy-gencatlg
942 _2lcc
_cBOOKS
_hNK4605 .H37 1991
_k34195